[Event "DVM U20 2020"]
[Site "Willingen GER"]
[Date "2021.06.25"]
[Round "3"]
[White "Pralle, Finnegan"]
[Black "Linnert, Niklas"]
[Result "1-0"]
[Termination "normal"]
[Board "6.2"]
[WhiteElo "1910"]
[BlackElo "2043"]
[WhiteClock "00:22:58"]
[BlackClock "00:02:04"]
[WhiteTeam "Biebertaler Schachfreunde"]
[BlackTeam "Schachklub König Plauen"]
[PlyCount "157"]
[WhiteFideId "12986615"]
[BlackFideId "12974781"]
[EventCountry "GER"]
[EventRounds "7"]
[EventType "team-swiss"]
[EventDate "2021.06.23"]

1. e4 {[%clk 01:30:56]} {[%emt 00:00:04]} c5 {[%clk 01:30:55]} {[%emt
00:00:06]} 2. Nc3 {[%clk 01:31:22]} {[%emt 00:00:03]} a6 {[%clk 01:31:21]}
{[%emt 00:00:05]} 3. g3 {[%clk 01:30:15]} {[%emt 00:01:37]} b5 {[%clk
01:31:30]} {[%emt 00:00:22]} 4. Bg2 {[%clk 01:30:17]} {[%emt 00:00:26]} Bb7
{[%clk 01:32:00]} 5. d3 {[%clk 01:30:01]} {[%emt 00:00:47]} e6 {[%clk
01:31:35]} {[%emt 00:00:55]} 6. Nf3 {[%clk 01:28:54]} {[%emt 00:01:37]} Nf6
{[%clk 01:25:59]} {[%emt 00:06:06]} 7. O-O {[%clk 01:28:01]} {[%emt 00:01:23]}
Be7 {[%clk 01:21:55]} {[%emt 00:04:34]} 8. e5 {[%clk 01:27:33]} {[%emt
00:00:58]} Nd5 {[%clk 01:22:00]} {[%emt 00:00:25]} 9. Ne4 {[%clk 01:27:55]}
{[%emt 00:00:08]} d6 {[%clk 01:19:28]} {[%emt 00:03:01]} 10. exd6 {[%emt
00:00:45]} Bxd6 {[%emt 00:00:01]} 11. Nxd6+ {[%clk 01:27:58]} {[%emt 00:00:12]}
Qxd6 {[%clk 01:20:20]} {[%emt 00:00:08]} 12. Ng5 {[%clk 01:27:43]} {[%emt
00:00:44]} h6 {[%clk 01:19:34]} {[%emt 00:01:17]} 13. Ne4 {[%clk 01:27:28]}
{[%emt 00:00:44]} Qe7 {[%clk 01:07:36]} {[%emt 00:12:28]} 14. c4 {[%clk
01:22:35]} {[%emt 00:05:23]} Nb6 {[%clk 01:03:31]} {[%emt 00:04:36]} 15. Bf4
{[%clk 01:18:52]} {[%emt 00:04:13]} e5 {[%clk 01:01:37]} {[%emt 00:02:24]} 16.
Re1 {[%clk 01:18:41]} {[%emt 00:00:40]} O-O {[%clk 00:57:49]} {[%emt 00:04:18]}
17. Be3 {[%clk 00:53:20]} {[%emt 00:25:51]} N8d7 {[%clk 00:54:33]} {[%emt
00:03:45]} 18. cxb5 {[%clk 00:50:58]} {[%emt 00:02:52]} axb5 {[%clk 00:54:08]}
{[%emt 00:00:56]} 19. Nxc5 {[%clk 00:50:54]} {[%emt 00:00:34]} Nxc5 {[%clk
00:49:34]} {[%emt 00:05:05]} 20. Bxc5 {[%clk 00:51:17]} {[%emt 00:00:06]} Qxc5
{[%clk 00:49:53]} {[%emt 00:00:11]} 21. Bxb7 {[%clk 00:51:42]} {[%emt
00:00:05]} Ra7 {[%clk 00:48:40]} {[%emt 00:01:43]} 22. Bf3 {[%clk 00:48:50]}
{[%emt 00:03:22]} Na4 {[%clk 00:42:14]} {[%emt 00:06:56]} 23. Qb3 {[%clk
00:45:14]} {[%emt 00:04:06]} Rd8 {[%clk 00:36:40]} {[%emt 00:06:03]} 24. Rac1
{[%clk 00:43:25]} {[%emt 00:02:19]} Qd4 {[%clk 00:36:23]} {[%emt 00:00:48]} 25.
Qxb5 {[%clk 00:43:15]} {[%emt 00:00:40]} Nxb2 {[%clk 00:34:51]} {[%emt
00:02:02]} 26. Qxe5 {[%clk 00:37:23]} {[%emt 00:06:21]} Qxe5 {[%clk 00:06:45]}
{[%emt 00:28:37]} 27. Rxe5 {[%clk 00:34:50]} {[%emt 00:03:02]} Nxd3 {[%clk
00:07:15]} {[%emt 00:00:01]} 28. Rd1 {[%clk 00:34:23]} {[%emt 00:00:57]} Nxe5
{[%clk 00:07:44]} {[%emt 00:00:01]} 29. Rxd8+ {[%clk 00:34:42]} {[%emt
00:00:10]} Kh7 {[%clk 00:08:12]} {[%emt 00:00:02]} 30. Be4+ {[%clk 00:34:48]}
{[%emt 00:00:24]} g6 {[%clk 00:08:33]} {[%emt 00:00:10]} 31. Ra8 {[%clk
00:34:54]} {[%emt 00:00:24]} Rc7 {[%clk 00:07:10]} {[%emt 00:01:53]} 32. a4
{[%clk 00:33:42]} {[%emt 00:01:41]} Rc1+ {[%clk 00:07:17]} {[%emt 00:00:23]}
33. Kg2 {[%clk 00:34:03]} {[%emt 00:00:09]} Ra1 {[%clk 00:07:46]} {[%emt
00:00:02]} 34. a5 {[%clk 00:33:47]} {[%emt 00:00:46]} Nc4 {[%clk 00:06:50]}
{[%emt 00:01:26]} 35. a6 {[%clk 00:31:54]} {[%emt 00:02:23]} Kg7 {[%clk
00:05:45]} {[%emt 00:01:35]} 36. a7 {[%clk 00:30:36]} {[%emt 00:01:47]} Nd6
{[%clk 00:02:02]} {[%emt 00:04:14]} 37. Rd8 {[%clk 00:30:58]} {[%emt 00:00:08]}
Nxe4 {[%clk 00:00:47]} {[%emt 00:01:45]} 38. a8=Q {[%clk 00:31:17]} {[%emt
00:00:11]} Rxa8 {[%clk 00:01:14]} {[%emt 00:00:03]} 39. Rxa8 {[%clk 00:31:39]}
{[%emt 00:00:08]} Ng5 {[%clk 00:01:37]} {[%emt 00:00:07]} 40. Ra6 {[%clk
00:30:13]} {[%emt 00:01:55]} Ne6 {[%clk 00:01:29]} {[%emt 00:00:39]} 41. Kf3
{[%clk 00:28:57]} {[%emt 00:01:45]} Ng5+ {[%clk 00:00:35]} {[%emt 00:01:25]}
42. Ke3 {[%clk 00:29:08]} {[%emt 00:00:19]} Ne6 {[%clk 00:00:51]} {[%emt
00:00:14]} 43. Rb6 {[%clk 00:29:10]} {[%emt 00:00:27]} h5 {[%clk 00:00:37]}
{[%emt 00:00:45]} 44. h4 {[%clk 00:28:25]} {[%emt 00:01:15]} Nf8 {[%clk
00:29:16]} {[%emt 00:01:52]} 45. Kd4 {[%clk 00:56:11]} {[%emt 00:02:42]} Nd7
{[%clk 00:28:18]} {[%emt 00:01:29]} 46. Ra6 {[%clk 00:56:04]} {[%emt 00:00:37]}
Nf6 {[%clk 00:28:19]} {[%emt 00:00:28]} 47. f3 {[%clk 00:56:09]} {[%emt
00:00:24]} Ng8 {[%clk 00:27:21]} {[%emt 00:01:29]} 48. Ra7 {[%clk 00:54:06]}
{[%emt 00:02:33]} Nh6 {[%clk 00:27:24]} {[%emt 00:00:27]} 49. Ke5 {[%clk
00:50:33]} {[%emt 00:04:03]} Nf5 {[%clk 00:27:35]} {[%emt 00:00:20]} 50. Kf4
{[%clk 00:50:30]} {[%emt 00:00:32]} Nd4 {[%clk 00:26:43]} {[%emt 00:01:22]} 51.
Re7 {[%clk 00:49:53]} {[%emt 00:01:07]} Kf6 {[%clk 00:25:12]} {[%emt 00:02:02]}
52. Re4 {[%clk 00:42:16]} {[%emt 00:08:07]} Ne6+ {[%clk 00:20:19]} {[%emt
00:05:23]} 53. Ke3 {[%clk 00:38:19]} {[%emt 00:04:26]} Ng7 {[%clk 00:14:14]}
{[%emt 00:06:35]} 54. Ra4 {[%clk 00:37:28]} {[%emt 00:01:21]} Ne6 {[%clk
00:12:58]} {[%emt 00:01:47]} 55. Ra5 {[%clk 00:37:20]} {[%emt 00:00:38]} Ng7
{[%clk 00:12:01]} {[%emt 00:01:27]} 56. Ke4 {[%clk 00:36:46]} {[%emt 00:01:03]}
Ne6 {[%clk 00:07:04]} {[%emt 00:05:27]} 57. Ra6 {[%clk 00:36:05]} {[%emt
00:01:11]} Ke7 {[%clk 00:07:23]} {[%emt 00:00:12]} 58. Rc6 {[%clk 00:35:23]}
{[%emt 00:01:11]} Kd7 {[%clk 00:06:44]} {[%emt 00:01:11]} 59. Rc4 {[%clk
00:34:43]} {[%emt 00:01:09]} Kd6 {[%clk 00:06:37]} {[%emt 00:00:37]} 60. g4
{[%clk 00:32:22]} {[%emt 00:02:50]} Ng7 {[%clk 00:06:21]} {[%emt 00:00:46]} 61.
Rd4+ {[%clk 00:28:51]} {[%emt 00:04:01]} Ke6 {[%clk 00:06:25]} {[%emt
00:00:26]} 62. Ra4 {[%clk 00:29:04]} {[%emt 00:00:17]} hxg4 {[%clk 00:03:02]}
{[%emt 00:03:54]} 63. Ra6+ {[%clk 00:29:00]} {[%emt 00:00:34]} Ke7 {[%clk
00:03:01]} {[%emt 00:00:30]} 64. fxg4 {[%clk 00:29:24]} {[%emt 00:00:05]} f6
{[%clk 00:01:40]} {[%emt 00:01:52]} 65. Kd5 {[%clk 00:28:37]} {[%emt 00:01:17]}
Kf7 {[%clk 00:02:03]} {[%emt 00:00:08]} 66. g5 {[%clk 00:26:40]} {[%emt
00:02:26]} fxg5 {[%clk 00:01:08]} {[%emt 00:01:25]} 67. Ra7+ {[%clk 00:27:03]}
{[%emt 00:00:08]} Kf8 {[%clk 00:00:57]} {[%emt 00:00:42]} 68. hxg5 {[%clk
00:27:27]} {[%emt 00:00:05]} Nh5 {[%clk 00:00:59]} {[%emt 00:00:27]} 69. Ke6
{[%emt 00:01:16]} Kg8 70. Rf7 {[%clk 00:24:13]} {[%emt 00:02:58]} Kh8 {[%clk
00:01:49]} {[%emt 00:00:11]} 71. Ke7 {[%clk 00:23:12]} {[%emt 00:01:31]} Kg8
{[%clk 00:02:16]} {[%emt 00:00:03]} 72. Rf8+ {[%clk 00:22:53]} {[%emt
00:00:48]} Kg7 {[%clk 00:02:42]} {[%emt 00:00:05]} 73. Rf6 {[%clk 00:21:35]}
{[%emt 00:01:47]} Ng3 {[%clk 00:00:57]} {[%emt 00:02:16]} 74. Rf7 {[%clk
00:21:22]} {[%emt 00:00:43]} Kg8 {[%clk 00:01:26]} 75. Kf6 {[%clk 00:21:33]}
{[%emt 00:00:19]} Ne4+ {[%clk 00:00:40]} {[%emt 00:01:16]} 76. Kxg6 {[%clk
00:21:48]} {[%emt 00:00:16]} Nxg5 {[%clk 00:01:09]} {[%emt 00:00:01]} 77. Ra7
{[%clk 00:22:10]} {[%emt 00:00:07]} Ne6 {[%clk 00:01:35]} {[%emt 00:00:05]} 78.
Ra8+ {[%clk 00:22:35]} {[%emt 00:00:05]} Nf8+ {[%clk 00:02:04]} 79. Kf6 {[%clk
00:22:58]} {[%emt 00:00:07]} 1-0

[Event "DVM U20 2020"]
[Site "Willingen GER"]
[Date "2021.06.25"]
[Round "3"]
[White "Graf, Lucas"]
[Black "Reichelt, Florian"]
[Result "1-0"]
[Termination "normal"]
[Board "6.3"]
[WhiteElo "1882"]
[BlackElo "1949"]
[WhiteClock "00:00:31"]
[BlackClock "00:02:05"]
[WhiteTeam "Schachklub König Plauen"]
[BlackTeam "Biebertaler Schachfreunde"]
[PlyCount "77"]
[WhiteFideId "12974889"]
[BlackFideId "12960276"]
[EventCountry "GER"]
[EventRounds "7"]
[EventType "team-swiss"]
[EventDate "2021.06.23"]

1. e4 {[%clk 01:30:57]} {[%emt 00:00:02]} c5 {[%clk 01:30:55]} {[%emt
00:00:05]} 2. Nf3 {[%clk 01:31:25]} {[%emt 00:00:03]} d6 {[%clk 01:31:13]}
{[%emt 00:00:12]} 3. d4 {[%clk 01:31:52]} {[%emt 00:00:03]} cxd4 {[%clk
01:31:28]} {[%emt 00:00:15]} 4. Nxd4 {[%clk 01:32:21]} Nf6 {[%clk 01:31:42]}
{[%emt 00:00:15]} 5. Nc3 {[%clk 01:32:51]} a6 {[%clk 01:31:55]} {[%emt
00:00:18]} 6. Bg5 {[%clk 01:32:18]} {[%emt 00:01:02]} Nbd7 {[%clk 01:31:52]}
{[%emt 00:00:33]} 7. f4 {[%clk 01:32:38]} {[%emt 00:00:10]} e6 {[%clk
01:29:35]} {[%emt 00:02:47]} 8. Qf3 {[%clk 01:32:33]} {[%emt 00:00:35]} Be7
{[%clk 01:29:04]} {[%emt 00:01:01]} 9. O-O-O {[%clk 01:30:19]} {[%emt
00:02:43]} Qc7 {[%clk 01:24:34]} {[%emt 00:05:01]} 10. g4 {[%clk 01:26:23]}
{[%emt 00:04:26]} b5 {[%clk 01:22:49]} {[%emt 00:02:14]} 11. h4 {[%clk
01:17:45]} {[%emt 00:09:10]} Bb7 {[%clk 01:21:00]} {[%emt 00:02:18]} 12. Bxf6
{[%clk 01:17:48]} {[%emt 00:00:27]} gxf6 {[%clk 01:17:45]} {[%emt 00:03:45]}
13. f5 {[%clk 01:00:01]} {[%emt 00:18:17]} e5 {[%clk 01:08:50]} {[%emt
00:09:25]} 14. Nb3 {[%clk 00:59:28]} {[%emt 00:01:03]} O-O-O {[%clk 00:50:47]}
{[%emt 00:18:32]} 15. Bg2 {[%clk 00:34:24]} {[%emt 00:25:35]} Kb8 {[%clk
00:48:29]} {[%emt 00:02:47]} 16. Rd3 {[%clk 00:31:36]} {[%emt 00:03:18]} Rc8
{[%clk 00:44:24]} {[%emt 00:04:35]} 17. Qf2 {[%clk 00:31:14]} {[%emt 00:00:52]}
Nb6 {[%clk 00:37:04]} {[%emt 00:07:50]} 18. Kb1 {[%clk 00:29:05]} {[%emt
00:02:40]} Rhd8 {[%clk 00:22:55]} {[%emt 00:14:38]} 19. Nd5 {[%clk 00:25:02]}
{[%emt 00:04:34]} Bxd5 {[%clk 00:22:02]} {[%emt 00:01:23]} 20. exd5 {[%clk
00:25:21]} {[%emt 00:00:12]} Nc4 {[%clk 00:19:13]} {[%emt 00:03:18]} 21. Rc1
{[%clk 00:24:48]} {[%emt 00:01:03]} Qb6 {[%clk 00:18:00]} {[%emt 00:01:43]} 22.
Qxb6+ {[%clk 00:24:41]} {[%emt 00:00:37]} Nxb6 {[%clk 00:18:18]} {[%emt
00:00:12]} 23. Nd2 {[%clk 00:25:11]} {[%emt 00:00:01]} h6 {[%clk 00:16:43]}
{[%emt 00:02:04]} 24. Ne4 {[%clk 00:21:43]} {[%emt 00:03:58]} Na4 {[%clk
00:15:28]} {[%emt 00:01:45]} 25. g5 {[%clk 00:10:07]} {[%emt 00:12:06]} hxg5
{[%clk 00:14:53]} {[%emt 00:01:05]} 26. hxg5 {[%clk 00:10:37]} {[%emt
00:00:01]} Rg8 {[%clk 00:09:40]} {[%emt 00:05:43]} 27. gxf6 {[%clk 00:08:23]}
{[%emt 00:02:44]} Bxf6 {[%clk 00:09:37]} {[%emt 00:00:32]} 28. Rd2 {[%clk
00:02:07]} {[%emt 00:06:46]} Bg5 {[%clk 00:09:24]} {[%emt 00:00:44]} 29. Nxg5
{[%clk 00:02:20]} {[%emt 00:00:17]} Rxg5 {[%clk 00:09:49]} {[%emt 00:00:05]}
30. Rf2 {[%clk 00:01:32]} {[%emt 00:01:17]} f6 {[%clk 00:09:48]} {[%emt
00:00:30]} 31. b3 {[%clk 00:01:43]} {[%emt 00:00:20]} Nc3+ {[%clk 00:08:54]}
{[%emt 00:01:24]} 32. Kb2 {[%clk 00:02:10]} {[%emt 00:00:03]} b4 {[%clk
00:06:49]} {[%emt 00:02:35]} 33. Rh1 {[%clk 00:02:07]} {[%emt 00:00:33]} Rcg8
{[%clk 00:06:54]} {[%emt 00:00:25]} 34. Bf1 {[%clk 00:02:12]} {[%emt 00:00:25]}
Rg1 {[%clk 00:06:47]} {[%emt 00:00:37]} 35. Rfh2 {[%clk 00:00:59]} {[%emt
00:01:43]} a5 {[%clk 00:03:48]} {[%emt 00:03:28]} 36. a3 {[%clk 00:00:40]}
{[%emt 00:00:51]} Nd1+ {[%clk 00:02:42]} {[%emt 00:01:35]} 37. Ka2 {[%clk
00:00:39]} {[%emt 00:00:31]} Ne3 {[%clk 00:01:48]} {[%emt 00:01:24]} 38. Rxg1
{[%clk 00:00:33]} {[%emt 00:00:37]} Rxg1 {[%clk 00:02:05]} {[%emt 00:00:12]}
39. Bc4 {[%clk 00:00:31]} {[%emt 00:00:33]} 1-0

[Event "DVM U20 2020"]
[Site "Willingen GER"]
[Date "2021.06.25"]
[Round "3"]
[White "Engert, Kiyan"]
[Black "Pivtorak, Illia"]
[Result "0-1"]
[Termination "normal"]
[Board "6.4"]
[WhiteElo "1781"]
[BlackElo "1509"]
[WhiteClock "00:33:26"]
[BlackClock "00:29:38"]
[WhiteTeam "Biebertaler Schachfreunde"]
[BlackTeam "Schachklub König Plauen"]
[PlyCount "44"]
[WhiteFideId "16214870"]
[BlackFideId "14194317"]
[EventCountry "GER"]
[EventRounds "7"]
[EventType "team-swiss"]
[EventDate "2021.06.23"]

1. d4 {[%clk 01:30:58]} Nf6 {[%clk 01:30:55]} {[%emt 00:00:06]} 2. Nf3 {[%clk
01:31:19]} {[%emt 00:00:08]} g6 {[%clk 01:31:16]} {[%emt 00:00:10]} 3. c4
{[%clk 01:30:35]} {[%emt 00:01:14]} Bg7 {[%clk 01:31:40]} {[%emt 00:00:05]} 4.
g3 {[%clk 01:28:26]} {[%emt 00:02:40]} O-O {[%clk 01:31:44]} {[%emt 00:00:26]}
5. Bg2 {[%clk 01:28:47]} {[%emt 00:00:08]} d6 {[%clk 01:32:07]} {[%emt
00:00:08]} 6. O-O {[%clk 01:29:01]} {[%emt 00:00:15]} Nbd7 {[%clk 01:31:24]}
{[%emt 00:01:14]} 7. Nc3 {[%clk 01:29:09]} {[%emt 00:00:22]} e5 {[%clk
01:31:06]} {[%emt 00:00:47]} 8. e3 {[%clk 01:21:30]} {[%emt 00:08:09]} c6
{[%clk 01:28:01]} {[%emt 00:03:36]} 9. Bd2 {[%clk 01:16:31]} {[%emt 00:05:29]}
e4 {[%clk 01:19:41]} {[%emt 00:08:50]} 10. Ng5 {[%clk 01:15:46]} {[%emt
00:01:15]} d5 {[%clk 01:19:50]} {[%emt 00:00:22]} 11. cxd5 {[%clk 01:16:08]}
{[%emt 00:00:08]} cxd5 {[%clk 01:20:12]} {[%emt 00:00:07]} 12. Nh3 {[%clk
01:14:01]} {[%emt 00:02:37]} Nb6 {[%clk 01:15:27]} {[%emt 00:05:16]} 13. b3
{[%clk 01:13:21]} {[%emt 00:01:09]} Bg4 {[%clk 01:14:34]} {[%emt 00:01:23]} 14.
Qb1 {[%clk 01:11:07]} {[%emt 00:02:44]} Qd7 {[%clk 01:09:05]} {[%emt 00:05:59]}
15. Nf4 {[%clk 01:11:19]} {[%emt 00:00:18]} g5 {[%clk 01:08:28]} {[%emt
00:01:06]} 16. Nfe2 {[%clk 01:11:27]} {[%emt 00:00:23]} Bf3 {[%clk 01:04:03]}
{[%emt 00:04:55]} 17. a4 {[%clk 01:03:31]} {[%emt 00:08:26]} Qg4 {[%clk
00:48:20]} {[%emt 00:16:13]} 18. Re1 {[%clk 00:50:38]} {[%emt 00:13:23]} Rac8
{[%clk 00:47:15]} {[%emt 00:01:35]} 19. Bf1 {[%clk 00:49:06]} {[%emt 00:02:01]}
Rc6 {[%clk 00:41:38]} {[%emt 00:06:08]} 20. Qb2 {[%clk 00:41:37]} {[%emt
00:07:59]} Qh5 {[%clk 00:32:17]} {[%emt 00:09:51]} 21. a5 {[%clk 00:33:34]}
{[%emt 00:08:33]} Ng4 {[%clk 00:31:09]} {[%emt 00:01:38]} 22. h3 {[%clk
00:33:26]} {[%emt 00:00:37]} Rh6 {[%clk 00:29:38]} {[%emt 00:02:01]} 0-1

[Event "DVM U20 2020"]
[Site "Willingen GER"]
[Date "2021.06.25"]
[Round "3"]
[White "Engländer, Leon Arne"]
[Black "Melitzki, Richard"]
[Result "1-0"]
[Termination "normal"]
[Board "6.6"]
[WhiteElo "1769"]
[BlackElo "1425"]
[WhiteClock "01:15:51"]
[BlackClock "01:15:27"]
[WhiteTeam "Biebertaler Schachfreunde"]
[BlackTeam "Schachklub König Plauen"]
[PlyCount "81"]
[WhiteFideId "12997226"]
[BlackFideId "16223420"]
[EventCountry "GER"]
[EventRounds "7"]
[EventType "team-swiss"]
[EventDate "2021.06.23"]

1. e4 {[%clk 01:15:51]} c5 {[%clk 01:15:27]} 2. Nc3 {[%clk 01:15:51]} Nc6 3. g3
{[%clk 01:15:51]} g6 {[%clk 01:15:27]} 4. Bg2 {[%clk 01:15:51]} Bg7 {[%clk
01:15:27]} 5. d3 {[%clk 01:15:51]} e6 {[%clk 01:15:27]} 6. Be3 {[%clk
01:15:51]} d6 {[%clk 01:15:27]} 7. Qd2 {[%clk 01:15:51]} Nge7 {[%clk 01:15:27]}
8. Nge2 {[%clk 01:15:51]} O-O {[%clk 01:15:27]} 9. Bh6 {[%clk 01:15:51]} a6
{[%clk 01:15:27]} 10. h4 {[%clk 01:15:51]} Bd7 {[%clk 01:15:27]} 11. h5 {[%clk
01:15:51]} f6 {[%clk 01:15:27]} 12. hxg6 {[%clk 01:15:51]} hxg6 {[%clk
01:15:27]} 13. Bxg7 {[%clk 01:15:51]} Kxg7 {[%clk 01:15:27]} 14. Qh6+ {[%clk
01:15:51]} Kf7 {[%clk 01:15:27]} 15. Qh7+ {[%clk 01:15:51]} Ke8 {[%clk
01:15:27]} 16. Nf4 {[%clk 01:15:51]} Ne5 {[%clk 01:15:27]} 17. O-O-O {[%clk
01:15:51]} g5 {[%clk 01:15:27]} 18. Nh5 {[%clk 01:15:51]} Bc6 {[%clk 01:15:27]}
19. f4 {[%clk 01:15:51]} gxf4 {[%clk 01:15:27]} 20. gxf4 {[%clk 01:15:51]} Kd7
{[%clk 01:15:27]} 21. fxe5 {[%clk 01:15:51]} fxe5 {[%clk 01:15:27]} 22. Rdf1
{[%clk 01:15:51]} Rh8 {[%clk 01:15:27]} 23. Nf6+ {[%clk 01:15:51]} Kc7 {[%clk
01:15:27]} 24. Qg7 {[%clk 01:15:51]} Rxh1 {[%clk 01:15:27]} 25. Rxh1 {[%clk
01:15:51]} Kb6 {[%clk 01:15:27]} 26. Rh7 {[%clk 01:15:51]} Nc8 {[%clk
01:15:27]} 27. Bh3 {[%clk 01:15:51]} Na7 {[%clk 01:15:27]} 28. Bxe6 {[%clk
01:15:51]} Nb5 {[%clk 01:15:27]} 29. Ncd5+ {[%clk 01:15:51]} Ka5 {[%clk
01:15:27]} 30. b3 {[%clk 01:15:51]} Nd4 {[%clk 01:15:27]} 31. Qh6 {[%clk
01:15:51]} b5 {[%clk 01:15:27]} 32. Qd2+ {[%clk 01:15:51]} b4 {[%clk 01:15:27]}
33. a3 {[%clk 01:15:51]} Bxd5 {[%clk 01:15:27]} 34. axb4+ {[%clk 01:15:51]} Kb5
{[%clk 01:15:27]} 35. Bxd5 {[%clk 01:15:51]} Rb8 {[%clk 01:15:27]} 36. c4+
{[%clk 01:15:51]} Kb6 {[%clk 01:15:27]} 37. Qa2 {[%clk 01:15:51]} cxb4 {[%clk
01:15:27]} 38. Nd7+ {[%clk 01:15:51]} Kc7 {[%clk 01:15:27]} 39. Qa5+ {[%clk
01:15:51]} Rb6 {[%clk 01:15:27]} 40. Qxb6+ {[%clk 01:15:51]} Kc8 {[%clk
01:15:27]} 41. Qb8# {[%clk 01:15:51]} 0-1

[Event "DVM U20 2020"]
[Site "Willingen GER"]
[Date "2021.06.25"]
[Round "3"]
[White "Küppers, Timo"]
[Black "Mätzkow, Maximilian Paul"]
[Result "1/2-1/2"]
[Termination "normal"]
[Board "7.1"]
[WhiteTitle "FM"]
[BlackTitle "FM"]
[WhiteElo "2287"]
[BlackElo "2231"]
[WhiteClock "00:04:09"]
[BlackClock "00:41:52"]
[WhiteTeam "Schachfreunde Essen-Katernberg"]
[BlackTeam "SC Kreuzberg e.V."]
[PlyCount "63"]
[WhiteFideId "16205820"]
[BlackFideId "24679933"]
[EventCountry "GER"]
[EventRounds "7"]
[EventType "team-swiss"]
[EventDate "2021.06.23"]

1. c4 {[%clk 01:30:52]} {[%emt 00:00:08]} c5 {[%clk 01:30:54]} {[%emt
00:00:07]} 2. Nf3 {[%clk 01:28:35]} {[%emt 00:02:45]} Nf6 {[%clk 01:31:06]}
{[%emt 00:00:19]} 3. Nc3 {[%clk 01:28:05]} {[%emt 00:00:59]} Nc6 {[%clk
01:31:05]} {[%emt 00:00:31]} 4. d4 {[%clk 01:26:05]} {[%emt 00:02:30]} cxd4
{[%clk 01:31:30]} {[%emt 00:00:06]} 5. Nxd4 {[%clk 01:26:31]} {[%emt 00:00:03]}
g6 {[%clk 01:31:43]} {[%emt 00:00:17]} 6. e4 {[%clk 01:26:51]} {[%emt
00:00:10]} d6 {[%clk 01:32:08]} {[%emt 00:00:05]} 7. Be2 {[%clk 01:27:03]}
{[%emt 00:00:19]} Bg7 {[%clk 01:32:14]} {[%emt 00:00:24]} 8. Be3 {[%clk
01:27:26]} {[%emt 00:00:06]} O-O {[%clk 01:32:36]} {[%emt 00:00:09]} 9. O-O
{[%clk 01:27:49]} {[%emt 00:00:07]} Nxd4 {[%clk 01:28:55]} {[%emt 00:04:11]}
10. Bxd4 {[%clk 01:28:06]} {[%emt 00:00:13]} Bd7 {[%clk 01:29:09]} {[%emt
00:00:16]} 11. Qd3 {[%clk 01:23:12]} {[%emt 00:05:23]} Bc6 {[%clk 01:22:48]}
{[%emt 00:06:51]} 12. b4 {[%clk 01:22:50]} {[%emt 00:00:52]} b6 {[%clk
01:19:47]} {[%emt 00:03:31]} 13. Rad1 {[%clk 01:14:54]} {[%emt 00:08:26]} Nd7
{[%clk 01:18:22]} {[%emt 00:01:55]} 14. f4 {[%clk 01:09:25]} {[%emt 00:06:00]}
a5 {[%clk 01:09:49]} {[%emt 00:09:03]} 15. Bxg7 {[%clk 00:54:11]} {[%emt
00:15:44]} Kxg7 {[%clk 01:09:35]} 16. b5 {[%clk 00:54:36]} {[%emt 00:00:48]}
Bb7 {[%clk 01:09:46]} 17. e5 {[%clk 00:55:03]} {[%emt 00:00:23]} Nc5 {[%emt
00:12:33]} 18. Qd4 dxe5 {[%clk 00:56:43]} {[%emt 00:02:13]} 19. Qxe5+ {[%clk
00:54:43]} {[%emt 00:00:37]} f6 {[%clk 00:57:12]} {[%emt 00:00:01]} 20. Rxd8
{[%clk 00:53:18]} {[%emt 00:01:54]} fxe5 {[%clk 00:57:37]} {[%emt 00:00:05]}
21. Rxa8 {[%clk 00:53:17]} {[%emt 00:00:31]} Rxa8 {[%clk 00:54:36]} {[%emt
00:03:32]} 22. fxe5 {[%clk 00:53:00]} {[%emt 00:00:46]} Rd8 {[%clk 00:54:59]}
{[%emt 00:00:07]} 23. Rd1 {[%clk 00:51:58]} {[%emt 00:01:33]} Rf8 {[%clk
00:48:09]} {[%emt 00:07:20]} 24. Rf1 {[%clk 00:17:59]} {[%emt 00:34:29]} Rd8
{[%clk 00:48:34]} {[%emt 00:00:05]} 25. Kf2 {[%clk 00:08:31]} {[%emt 00:09:59]}
Rd2 {[%clk 00:42:42]} {[%emt 00:06:21]} 26. Rc1 {[%clk 00:08:52]} {[%emt
00:00:09]} Kf7 {[%clk 00:42:26]} {[%emt 00:00:45]} 27. Ke3 {[%clk 00:08:12]}
{[%emt 00:01:10]} Rb2 {[%clk 00:42:46]} {[%emt 00:00:10]} 28. g3 {[%clk
00:04:34]} {[%emt 00:04:09]} Ke6 {[%clk 00:41:39]} {[%emt 00:01:36]} 29. Kd4
{[%clk 00:04:49]} {[%emt 00:00:15]} Rd2+ {[%clk 00:42:01]} {[%emt 00:00:08]}
30. Ke3 {[%clk 00:05:16]} {[%emt 00:00:03]} Rb2 {[%clk 00:42:26]} {[%emt
00:00:05]} 31. Kd4 {[%clk 00:04:09]} {[%emt 00:01:38]} Rd2+ {[%clk 00:41:52]}
{[%emt 00:01:04]} 32. Ke3 {[%emt 00:00:07]} 1/2-1/2